1975 1819 1989 1196 1954 1141 1257 1371 1580 1993 1123 1241 1947 1060 1156 1034 1015 1459 1760 1175 1037 1963 1227 1566 1086 1066 1860 1087 1110 1834 1783 1397 1722 1803 1510 1195 1295 1844 1491 1330 1968 1788 1705 1633 1022 1080 1336 1604 1334 1539 1384 1393 1893 1201 1646 1962 1928 1441 1624 1447 1542 1452 1005 1936 1463 1184 1209 1527 1814 1485 1260 1074 1196 1820 1591 1467 1795 1010 1976 1140 1419 1286 1903 1730 1542 1176 1662 1990 1767 1678 1076 1490 1063 1672 1445 1478 1136 1493 1578 BCNSPRNW ULIB Ver.6.0+V

เปลี่ยนเป็นภาษาไทย

Change to English
 แสดงรายละเอียดบรรณานุกรม
  กลับหน้าหลัก

Brief Record : Get Marc (ISO 2709) : E-mail record : QR code < ปิดหน้าต่าง
LEADER : 00000nam 2200000uu 4500
001    13399114982
003     ULIB
008    120626s2546||||th 000 0 tha d
020    ^a9746058282
020    ^a9789746058285
050 04 ^aBF^bท461จ 2546
100 0  ^aทิพย์ภา เชษฐ์เชาวลิต
245 10 ^aจิตวิทยาพัฒนาการสำหรับพยาบาล /^cทิพย์ภา เชษฐ์เชาวลิต
250    ^aพิมพ์ครั้งที่ 3
260    ^aสงขลา :^bภาควิชาการพยาบาลจิตเวช คณะพยาบาลศาสตร์มหาวิทยาลัยสงขลานครินทร์,^c2546
300    ^aก-ฉ, 144 หน้า :^bภาพประกอบ ;^c26ซม.
650  7 ^aจิตวิทยาพัฒนาการ
650  7 ^aพยาบาล
710 2  ^aมหาวิทยาลัยสงขลานครินทร์. ^bคณะพยาบาลศาสตร์.^bภาควิชาการพยาบาลจิตเวช
995    ^aกัณชพร
999    ^aใช้งานได้ทุกระบบ
รายการนี้ยังไม่มีแท็ก
คุณยังไม่ได้ล็อกอิน คุณสามารถมีกิจกรรมร่วมกับเว็บไซต์ได้ แต่ต้องล็อกอินก่อน ::
  ล็อกอิน

รายการสื่อสารสนเทศ

ลำดับที่ ประเภท เลขเรียก/บาร์โค้ด สถานที่ สถานะ
- ไม่พบข้อมูล -

รายการใกล้เคียง
    ผู้แต่ง [ทิพย์ภา เชษฐ์เชาวลิต]

    หัวเรื่อง [จิตวิทยาพัฒนาการ]
    หัวเรื่อง [พยาบาล]

BibComment


ยังไม่เคยถูกคอมเมนท์

คอมเมนท์ทรัพยากรรายการนี้
  คอมเมนท์: จิตวิทยาพัฒนาการ..


 Copyright 2026. Bcnsprnw @Library